| 000 | 00837cam a22002413a 4500 | ||
|---|---|---|---|
| 001 | 31022 | ||
| 003 | PGUSA | ||
| 005 | 20140828083654.0 | ||
| 008 | 100120s2010||||xxu|||||s|||||000 | eng d | ||
| 040 |
_aPGUSA _beng |
||
| 042 | _adc | ||
| 050 | 4 | _aDC | |
| 100 | 1 |
_aRobespierre, Maximilien, _d1758-1794 |
|
| 245 | 1 | 0 |
_aReproduction, par les procédés héliographiques Motteroz, du Carnet de Robespierre trouvé sur lui au moment de son arrestation _h[electronic resource] / _cMaximilien Robespierre |
| 260 |
_bProject Gutenberg, _c2010 |
||
| 506 | _aPublic domain in the USA. | ||
| 516 | _aElectronic text | ||
| 653 | _aFrance -- History -- Revolution, 1789-1799 -- Sources | ||
| 653 | _aRobespierre, Maximilien, 1758-1794 | ||
| 830 | 0 |
_aProject Gutenberg _v31022 |
|
| 856 | 4 | 0 | _uhttp://www.gutenberg.org/ebooks/31022 |
| 942 | _cEB | ||
| 999 |
_c260277 _d260277 |
||